000 00784nam a2200241Ia 4500
008 130821s1971 mx gr spa
040 _aCo-BoUCM
_bspa
041 _aspa
100 _aLiebman, Seymour B.
_9116554
245 4 _aLos judíos en México y América Central
_cpor Seymour B. Liebman
260 _aMéxico D.F. (México)
_bSiglo XXI
_c1971
300 _a481 páginas
650 0 4 _aInmigraciones
_917678
650 0 4 _aInquisición
_zEspaña
_917719
650 0 4 _aJudíos
_918096
650 0 4 _aJudíos
_zAmérica Central
_918096
650 0 4 _aJudíos
_zMéxico
_918096
651 _aAmérica Central
_926750
651 _aEspaña
_926943
651 _aEspaña
_xHistoria
_946137
651 _aMéxico
_927124
942 _cLIBRO
_a21
_e1
_mL43
_2DEWEY
_h956.94
999 _c16322
_d16322